| 000 | 00658nam a22002177a 4500 | ||
|---|---|---|---|
| 003 | UA-OsUOA | ||
| 001 | 44949 | ||
| 007 | ta | ||
| 008 | 20070319b un ||||| |||| 00| 0 ukr d | ||
| 100 | _aПустовойт О. | ||
| 090 |
_a330(477) _bП-11 |
||
| 942 | _cSA | ||
| 040 |
_aUA-OsUOA _bukr _cUA-OsUOA _dUA-OsUOA |
||
| 245 | _aВнутрішній ринок України: потенціальні та реальні можливості впливу на економічне зростання | ||
| 300 | _aС.52-60 | ||
| 955 | _a0 | ||
| 041 | _aukr | ||
| 080 | _a330(477) | ||
| 773 | 0 | _w44942 | |
| 650 | 7 |
_a330 Економіка взагалі _2UDC |
|
| 999 |
_c331065 _d331065 |
||